Geology of northeasternmost Tennessee /

Bibliographic Details
Main Author: King, Philip B., 1903-1987
Other Authors: Ferguson, Herman W. (Herman White), 1916-, Hamilton, Warren Bell, 1925-
Format: Government Document Book
Language:English
Published: Washington, D.C. : U.S. G.P.O., 1960.
Series:Geological Survey professional paper ; 311.
Subjects:

MARC

Tag First Indicator Second Indicator Subfields
LEADER 00000cam a2200000Ia 4500
001 in00002784432
005 20151202172120.0
008 070604s1960 dcuaf b f001 0 eng d
019 |a 227932168 
035 |a (OCoLC)ocn137340608 
035 |a (OCoLC)137340608  |z (OCoLC)227932168 
040 |a CIN  |b eng  |c CIN  |d OCLCQ  |d UtOrBLW 
043 |a n-us-tn 
049 |a TXAM 
050 4 |a QE75  |b .P9 no. 311 
086 |a I 19.16:311 
100 1 |a King, Philip B.,  |d 1903-1987. 
245 1 0 |a Geology of northeasternmost Tennessee /  |c by Philip B. King and Herman W. Ferguson ; with a section on the description of the basement rocks, by Warren Hamilton. 
264 1 |a Washington, D.C. :  |b U.S. G.P.O.,  |c 1960. 
300 |a v, 136 pages, 9 unnumbered pages of plates :  |b illustrations ;  |c 29 cm. +  |e 10 maps. 
336 |a text  |b txt  |2 rdacontent 
337 |a unmediated  |b n  |2 rdamedia 
338 |a volume  |b nc  |2 rdacarrier 
490 1 |a Geological Survey professional paper ;  |v 311 
500 |a Part of illustrative matter fold. in pocket. 
500 |a Preparted in cooperation with the Tennessee Division of Geology. 
504 |a Includes bibliographical references and index. 
650 0 |a Geology  |z Tennessee. 
650 0 |a Petrology  |z Tennessee. 
700 1 |a Ferguson, Herman W.  |q (Herman White),  |d 1916- 
700 1 |a Hamilton, Warren Bell,  |d 1925- 
830 0 |a Geological Survey professional paper ;  |v 311. 
936 |a PR 66293499 
948 |a cataloged  |b h  |c 2012/12/17  |d c  |e mvaldespin  |f 11:46:53 am 
994 |a C0  |b TXA 
999 |a MARS 
999 f f |s aac491bd-195a-370a-aa58-52c4ac801fde  |i 34c88350-3e81-30af-aaba-d4fa42f43ca0  |t 0 
952 f f |p normal  |a Texas A&M University  |b College Station  |c Sterling C. Evans Library  |d Evans: US Documents (Annex 5th floor)  |t 0  |e I 19.16:310-311  |h Superintendent of Documents classification  |i unmediated -- volume  |m A14837789218 
998 f f |a I 19.16:310-311  |t 0  |l Evans: US Documents (Annex 5th floor)